[Event "XXXI Torre Memorial 2019"]
[Site "Merida"]
[Date "2019.12.14"]
[Round "1.13"]
[White "Hevia Alejano, Carlos Antonio"]
[Black "Corrales Jimenez, Zenia"]
[Result "1-0"]
[WhiteElo "2465"]
[BlackElo "2197"]
[Annotator "ChessBase"]
[PlyCount "125"]
[EventDate "2019.12.13"]
[EventType "swiss"]
[EventCountry "MEX"]
[SourceTitle "playchess.com"]
[Source "ChessBase"]
[SourceQuality "1"]
[TimeControl "5400+30"]

1. c4 {[%emt 0:01:51]} Nf6 {[%emt 0:00:25]} 2. Nc3 {[%emt 0:03:14]} d5 {[%emt 0:00:25]} 3. cxd5 {[%emt 0:00:04]} Nxd5 {[%emt 0:00:06]} 4. Nf3 {[%emt 0:00:58]} g6 {[%emt 0:01:58]} 5. Qa4+ {[%emt 0:03:13]} Nc6 {[%emt 0:03:54]} 6. Nxd5 {[%emt 0:08:26]} Qxd5 {[%emt 0:00:06]} 7. e4 {[%emt 0:00:05]} Qd6 {[%emt 0:10:19]} 8. Bb5 {[%emt 0:07:09]} Bd7 {[%emt 0:04:44]} 9. d4 {[%emt 0:01:53]} Qb4+ {[%emt 0:04:57]} 10. Bd2 {[%emt 0:01:26]} Qxa4 {[%emt 0:00:12]} 11. Bxa4 {[%emt 0:00:02]} Bg7 {[%emt 0:00:47]} 12. Bc3 {[%emt 0:04:04]} Ne5 {[%emt 0:04:17]} 13. Bxd7+ {[%emt 0:10:52]} Nxd7 {[%emt 0:00:06]} 14. Rc1 {[%emt 0:00:06]} c6 {[%emt 0:09:24]} 15. Ke2 {[%emt 0:03:24]} O-O {[%emt 0:01:49]} 16. Rhd1 {[%emt 0:06:38]} a5 {[%emt 0:10:04]} 17. d5 {[%emt 0:04:27]} Bxc3 {[%emt 0:10:55]} 18. Rxc3 {[%emt 0:00:23]} Nf6 {[%emt 0:01:20]} 19. dxc6 {[%emt 0:01:44]} bxc6 {[%emt 0:12:18]} 20. Nd2 {[%emt 0:06:43]} Rfb8 {[%emt 0:03:01]} 21. Rc2 {[%emt 0:02:09]} a4 {[%emt 0:01:00]} 22. f3 {[%emt 0:00:06]} Ra5 {[%emt 0:03:15]} 23. Nb1 {[%emt 0:02:49]} Rh5 {[%emt 0:03:03]} 24. h3 {[%emt 0:00:04]} Rhb5 {[%emt 0:00:03]} 25. Rdd2 {[%emt 0:00:05]} Nh5 {[%emt 0:00:09]} 26. Nc3 {[%emt 0:00:19]} Ra5 {[%emt 0:03:49]} 27. Rd4 {[%emt 0:00:40]} a3 {[%emt 0:01:07]} 28. b3 {[%emt 0:00:23]} Rc5 {[%emt 0:00:33]} 29. Rdd2 {[%emt 0:00:52]} Nf4+ {[%emt 0:02:02]} 30. Ke3 {[%emt 0:00:08]} e5 {[%emt 0:00:04]} 31. Nb1 {[%emt 0:04:13]} Ra5 {[%emt 0:02:40]} 32. h4 {[%emt 0:05:25]} Ne6 {[%emt 0:00:46]} 33. Rxc6 {[%emt 0:04:56]} Nd4 {[%emt 0:02:05]} 34. Rd6 {[%emt 0:00:43]} Nxb3 {[%emt 0:00:46]} 35. Rd8+ {[%emt 0:00:29]} Rxd8 {[%emt 0:00:01]} 36. Rxd8+ {[%emt 0:00:04]} Kg7 {[%emt 0:00:03]} 37. Rd5 {[%emt 0:00:16]} Ra6 {[%emt 0:02:14]} 38. Rxe5 {[%emt 0:02:12]} Nc1 {[%emt 0:02:12]} 39. Nc3 {[%emt 0:00:04]} Rb6 {[%emt 0:01:07]} 40. Rd5 {[%emt 0:00:28]} Rb2 {[%emt 0:00:35]} 41. Rd2 {[%emt 0:00:05]} f5 {[%emt 0:00:29]} 42. Rxb2 {[%emt 0:01:31]} axb2 {[%emt 0:00:02]} 43. a4 {[%emt 0:00:15]} Nb3 {[%emt 0:01:03]} 44. Kd3 {[%emt 0:00:41]} fxe4+ {[%emt 0:00:38]} 45. fxe4 {[%emt 0:00:06]} b1=Q+ {[%emt 0:00:33]} 46. Nxb1 {[%emt 0:00:03]} Nc5+ {[%emt 0:00:05]} 47. Kd4 {[%emt 0:00:08]} Nxa4 {[%emt 0:00:02]} 48. Ke5 {[%emt 0:00:22]} Kf7 {[%emt 0:00:55]} 49. Kd6 {[%emt 0:00:28]} Nb2 {[%emt 0:00:11]} 50. Nd2 {[%emt 0:00:03]} Nd3 {[%emt 0:00:17]} 51. e5 {[%emt 0:00:19]} Nf4 {[%emt 0:00:02]} 52. g3 {[%emt 0:00:11]} Ne6 {[%emt 0:00:01]} 53. Ne4 {[%emt 0:00:08]} h6 {[%emt 0:00:31]} 54. Nc5 {[%emt 0:00:43]} Nd4 {[%emt 0:00:54]} 55. Kd7 {[%emt 0:00:10]} g5 {[%emt 0:00:33]} 56. h5 {[%emt 0:00:34]} Nf5 {[%emt 0:00:35]} 57. e6+ {[%emt 0:00:54]} Kf8 {[%emt 0:00:19]} 58. g4 {[%emt 0:00:13]} Ne7 {[%emt 0:00:05]} 59. Ne4 {[%emt 0:00:25]} Nd5 {[%emt 0:00:11]} 60. Nd6 {[%emt 0:00:21]} Nf6+ {[%emt 0:01:03]} 61. Kd8 {[%emt 0:00:08]} Nd5 {[%emt 0:00:41]} 62. Nf5 {[%emt 0:00:09]} Nf6 {[%emt 0:00:16]} 63. e7+ {[%emt 0:00:05]} 1-0

[Event "XXXI Torre Memorial 2019"]
[Site "Merida"]
[Date "2019.12.14"]
[Round "1.14"]
[White "Obregon Garcia, Roxangel"]
[Black "Rodriguez Vila, Andres"]
[Result "0-1"]
[WhiteElo "2171"]
[BlackElo "2463"]
[Annotator "ChessBase"]
[PlyCount "74"]
[EventDate "2019.12.13"]
[EventType "swiss"]
[EventCountry "MEX"]
[SourceTitle "playchess.com"]
[Source "ChessBase"]
[SourceQuality "1"]
[TimeControl "5400+30"]

1. e4 {[%emt 0:00:00]} e6 {[%emt 0:06:54]} 2. d4 {[%emt 0:00:00]} d5 {[%emt 0:00:05]} 3. Nd2 {[%emt 0:00:00]} Be7 {[%emt 0:00:04]} 4. e5 {[%emt 0:00:00]} c5 {[%emt 0:00:07]} 5. c3 {[%emt 0:00:00]} Nc6 {[%emt 0:00:07]} 6. Ndf3 {[%emt 0:00:20]} Qc7 {[%emt 0:01:28]} 7. Bd3 {[%emt 0:01:13]} Bd7 {[%emt 0:00:12]} 8. Ne2 {[%emt 0:01:12]} cxd4 {[%emt 0:00:06]} 9. cxd4 {[%emt 0:00:13]} Nb4 {[%emt 0:00:24]} 10. Bb1 {[%emt 0:01:26]} Bb5 {[%emt 0:00:21]} 11. Nc3 {[%emt 0:02:31]} Ba6 {[%emt 0:02:48]} 12. Bg5 {[%emt 0:21:18]} Rc8 {[%emt 0:03:28]} 13. h4 {[%emt 0:10:27]} Qc4 {[%emt 0:02:26]} 14. Qd2 {[%emt 0:07:45]} Bxg5 {[%emt 0:06:55]} 15. Nxg5 {[%emt 0:04:41]} Nh6 {[%emt 0:02:49]} 16. Nf3 {[%emt 0:16:38]} O-O {[%emt 0:00:55]} 17. a3 {[%emt 0:00:59]} Nd3+ {[%emt 0:00:15]} 18. Bxd3 {[%emt 0:00:03]} Qxd3 {[%emt 0:00:04]} 19. Qxd3 {[%emt 0:00:05]} Bxd3 {[%emt 0:00:11]} 20. O-O-O {[%emt 0:06:17]} Be2 {[%emt 0:00:15]} 21. Rd2 {[%emt 0:00:09]} Bxf3 {[%emt 0:00:05]} 22. gxf3 {[%emt 0:00:01]} Nf5 {[%emt 0:00:32]} 23. Kb1 {[%emt 0:06:44]} Rc4 {[%emt 0:01:18]} 24. Rhd1 {[%emt 0:00:19]} Nxh4 {[%emt 0:02:30]} 25. Nb5 {[%emt 0:00:29]} f6 {[%emt 0:01:47]} 26. Nd6 {[%emt 0:03:24]} Rc7 {[%emt 0:00:29]} 27. f4 {[%emt 0:00:40]} fxe5 {[%emt 0:01:06]} 28. fxe5 {[%emt 0:00:14]} g5 {[%emt 0:01:21]} 29. Re2 {[%emt 0:06:46]} h5 {[%emt 0:01:34]} 30. Rh1 {[%emt 0:03:31]} a6 {[%emt 0:00:10]} 31. f4 {[%emt 0:02:51]} Rxf4 {[%emt 0:00:23]} 32. Ne8 {[%emt 0:00:01]} Rcf7 {[%emt 0:01:14]} 33. Nf6+ {[%emt 0:00:08]} R7xf6 {[%emt 0:00:12]} 34. exf6 {[%emt 0:00:06]} Kf7 {[%emt 0:00:27]} 35. Rc2 {[%emt 0:01:40]} Rxf6 {[%emt 0:00:21]} 36. Rc7+ {[%emt 0:00:35]} Kg6 {[%emt 0:00:05]} 37. Rxb7 {[%emt 0:00:03]} Nf3 {[%emt 0:00:06]} 0-1

[Event "XXXI Torre Memorial 2019"]
[Site "Merida"]
[Date "2019.12.14"]
[Round "1.15"]
[White "Fernandez De La Vara, Arnaldo"]
[Black "Quiroga Jaquez, Angel Ivan"]
[Result "1-0"]
[WhiteElo "2463"]
[BlackElo "2163"]
[Annotator "ChessBase"]
[PlyCount "47"]
[EventDate "2019.12.13"]
[EventType "swiss"]
[EventCountry "MEX"]
[SourceTitle "playchess.com"]
[Source "ChessBase"]
[SourceQuality "1"]
[TimeControl "5400+30"]

1. Nf3 {[%emt 0:00:18]} d5 {[%emt 0:00:44]} 2. c4 {[%emt 0:00:34]} c6 {[%emt 0:01:50]} 3. d4 {[%emt 0:00:47]} Nf6 {[%emt 0:01:52]} 4. e3 {[%emt 0:01:08]} e6 {[%emt 0:05:14]} 5. Nbd2 {[%emt 0:00:27]} Nbd7 {[%emt 0:00:35]} 6. b3 {[%emt 0:00:37]} Be7 {[%emt 0:06:10]} 7. Bb2 {[%emt 0:02:42]} O-O {[%emt 0:00:09]} 8. Bd3 {[%emt 0:00:16]} b6 {[%emt 0:02:27]} 9. O-O {[%emt 0:02:54]} Bb7 {[%emt 0:00:32]} 10. Qe2 {[%emt 0:01:26]} Rc8 {[%emt 0:11:06]} 11. Rac1 {[%emt 0:03:17]} Re8 {[%emt 0:12:54]} 12. Rfd1 {[%emt 0:04:33]} Qc7 {[%emt 0:07:15]} 13. Ne5 {[%emt 0:07:39]} dxc4 {[%emt 0:13:38]} 14. Ndxc4 {[%emt 0:06:05]} b5 {[%emt 0:02:25]} 15. Nd2 {[%emt 0:02:46]} a6 {[%emt 0:06:57]} 16. Ndf3 {[%emt 0:01:19]} Qa5 {[%emt 0:03:57]} 17. Ng5 {[%emt 0:02:16]} Qxa2 {[%emt 0:05:00]} 18. Qc2 {[%emt 0:07:25]} Ba3 {[%emt 0:04:35]} 19. Bxh7+ {[%emt 0:02:04]} Kf8 {[%emt 0:00:05]} 20. Bxa3+ {[%emt 0:00:51]} Qxa3 {[%emt 0:00:06]} 21. Ngxf7 {[%emt 0:01:56]} Nxh7 {[%emt 0:06:06]} 22. Qxh7 {[%emt 0:01:09]} Nf6 {[%emt 0:00:02]} 23. Qh8+ {[%emt 0:00:32]} Ng8 {[%emt 0:00:58]} 24. Ng5 1-0

[Event "XXXI Torre Memorial 2019"]
[Site "Merida"]
[Date "2019.12.14"]
[Round "1.16"]
[White "Huertas Soris, Ramon Antonio"]
[Black "Kevlishvili, Robby"]
[Result "0-1"]
[WhiteElo "2155"]
[BlackElo "2457"]
[Annotator "ChessBase"]
[PlyCount "78"]
[EventDate "2019.12.13"]
[EventType "swiss"]
[EventCountry "MEX"]
[SourceTitle "playchess.com"]
[Source "ChessBase"]
[SourceQuality "1"]
[TimeControl "5400+30"]

1. e4 {[%emt 0:04:28]} c5 {[%emt 0:01:00]} 2. Nf3 {[%emt 0:00:16]} d6 {[%emt 0:00:07]} 3. d4 {[%emt 0:00:18]} cxd4 {[%emt 0:00:06]} 4. Nxd4 {[%emt 0:00:06]} Nf6 {[%emt 0:00:04]} 5. Nc3 {[%emt 0:00:08]} a6 {[%emt 0:00:07]} 6. Be3 {[%emt 0:00:47]} e5 {[%emt 0:00:32]} 7. Nb3 {[%emt 0:00:10]} Be6 {[%emt 0:00:10]} 8. f4 {[%emt 0:00:11]} exf4 {[%emt 0:19:02]} 9. Bxf4 {[%emt 0:00:19]} Be7 {[%emt 0:00:06]} 10. Qd2 {[%emt 0:00:15]} Nc6 {[%emt 0:01:06]} 11. O-O-O {[%emt 0:00:13]} Ne5 {[%emt 0:00:58]} 12. Nd4 {[%emt 0:10:20]} O-O {[%emt 0:02:40]} 13. Nf5 {[%emt 0:02:16]} Bxf5 {[%emt 0:07:16]} 14. exf5 {[%emt 0:01:53]} b5 {[%emt 0:02:10]} 15. Kb1 {[%emt 0:07:33]} Qc8 {[%emt 0:06:30]} 16. Bd3 {[%emt 0:03:46]} b4 {[%emt 0:01:32]} 17. Ne4 {[%emt 0:05:50]} Nxe4 {[%emt 0:05:08]} 18. Bxe4 {[%emt 0:00:20]} Nc4 {[%emt 0:04:33]} 19. Qd3 {[%emt 0:03:23]} Bf6 {[%emt 0:00:55]} 20. Bc1 {[%emt 0:02:05]} Rb8 {[%emt 0:00:26]} 21. Bd5 {[%emt 0:01:14]} Nb6 {[%emt 0:01:32]} 22. g4 {[%emt 0:06:06]} Be5 {[%emt 0:01:40]} 23. Rhf1 {[%emt 0:04:28]} a5 {[%emt 0:04:45]} 24. g5 {[%emt 0:06:43]} a4 {[%emt 0:02:30]} 25. Rf3 {[%emt 0:03:40]} b3 {[%emt 0:09:11]} 26. cxb3 {[%emt 0:05:12]} Nxd5 {[%emt 0:00:15]} 27. Qxd5 {[%emt 0:00:20]} axb3 {[%emt 0:00:05]} 28. Rxb3 {[%emt 0:16:57]} Qxf5+ {[%emt 0:00:25]} 29. Qd3 {[%emt 0:03:49]} Qe6 {[%emt 0:00:40]} 30. Rxb8 {[%emt 0:00:31]} Rxb8 {[%emt 0:00:05]} 31. h4 {[%emt 0:01:39]} Qg4 {[%emt 0:00:37]} 32. Qd5 {[%emt 0:04:55]} Qxh4 {[%emt 0:02:46]} 33. Rf1 {[%emt 0:00:26]} Rf8 {[%emt 0:00:11]} 34. Qf3 {[%emt 0:01:10]} Qb4 {[%emt 0:01:08]} 35. Qd5 {[%emt 0:01:04]} g6 {[%emt 0:02:27]} 36. a3 {[%emt 0:01:33]} Qb6 {[%emt 0:00:27]} 37. Ka2 {[%emt 0:00:24]} Qc7 {[%emt 0:01:21]} 38. Qd3 {[%emt 0:02:18]} Rb8 {[%emt 0:00:33]} 39. Rd1 {[%emt 0:00:23]} Qxc1 {[%emt 0:00:29]} 0-1

[Event "XXXI Torre Memorial 2019"]
[Site "Merida"]
[Date "2019.12.14"]
[Round "1.17"]
[White "Diaz Perez, Michel Alejandro"]
[Black "La Rota, Fabio"]
[Result "1-0"]
[WhiteElo "2455"]
[BlackElo "2154"]
[Annotator "ChessBase"]
[PlyCount "89"]
[EventDate "2019.12.13"]
[EventType "swiss"]
[EventCountry "MEX"]
[SourceTitle "playchess.com"]
[Source "ChessBase"]
[SourceQuality "1"]
[TimeControl "5400+30"]

1. d4 {[%emt 0:00:00]} Nf6 {[%emt 0:01:18]} 2. c4 {[%emt 0:00:00]} e5 {[%emt 0:00:12]} 3. dxe5 {[%emt 0:00:40]} Ng4 {[%emt 0:00:24]} 4. Nf3 {[%emt 0:00:03]} Nc6 {[%emt 0:00:22]} 5. Nc3 {[%emt 0:00:57]} Ngxe5 {[%emt 0:01:28]} 6. Nxe5 {[%emt 0:03:42]} Nxe5 {[%emt 0:00:11]} 7. e4 {[%emt 0:00:10]} Bc5 {[%emt 0:03:23]} 8. Bf4 {[%emt 0:05:24]} d6 {[%emt 0:06:17]} 9. Be2 {[%emt 0:01:29]} O-O {[%emt 0:01:28]} 10. O-O {[%emt 0:00:32]} Be6 {[%emt 0:02:09]} 11. b3 {[%emt 0:02:28]} f5 {[%emt 0:14:13]} 12. exf5 {[%emt 0:01:33]} Rxf5 {[%emt 0:00:46]} 13. Bg3 {[%emt 0:00:22]} Qd7 {[%emt 0:04:43]} 14. Na4 {[%emt 0:07:31]} Qc6 {[%emt 0:09:34]} 15. Nxc5 {[%emt 0:04:09]} Qxc5 {[%emt 0:00:09]} 16. Qd2 {[%emt 0:00:10]} a5 {[%emt 0:00:38]} 17. Kh1 {[%emt 0:01:30]} Nc6 {[%emt 0:06:02]} 18. Rfe1 {[%emt 0:05:33]} Bf7 {[%emt 0:04:30]} 19. f4 {[%emt 0:04:14]} Bh5 {[%emt 0:02:12]} 20. Bd3 {[%emt 0:01:23]} Rff8 {[%emt 0:00:33]} 21. Bf2 {[%emt 0:02:47]} Qb4 {[%emt 0:00:22]} 22. Qc2 {[%emt 0:00:47]} a4 {[%emt 0:01:41]} 23. Bxh7+ {[%emt 0:04:16]} Kh8 {[%emt 0:00:02]} 24. Rab1 {[%emt 0:00:42]} Rxf4 {[%emt 0:03:47]} 25. Bg3 {[%emt 0:02:03]} axb3 {[%emt 0:01:53]} 26. axb3 {[%emt 0:00:26]} Rf6 {[%emt 0:01:02]} 27. Be4 {[%emt 0:01:00]} Raf8 {[%emt 0:01:51]} 28. h3 {[%emt 0:00:23]} Nd4 {[%emt 0:06:06]} 29. Qd3 {[%emt 0:02:32]} c5 {[%emt 0:01:18]} 30. Bh4 {[%emt 0:01:00]} Re6 {[%emt 0:00:44]} 31. Bd5 {[%emt 0:09:59]} Rh6 {[%emt 0:04:24]} 32. Rf1 {[%emt 0:02:21]} Re8 {[%emt 0:01:15]} 33. Rbe1 {[%emt 0:02:49]} Be2 {[%emt 0:07:44]} 34. Qg3 {[%emt 0:05:18]} Ra8 {[%emt 0:08:27]} 35. Rf7 {[%emt 0:01:15]} Rh7 {[%emt 0:00:46]} 36. Qf4 {[%emt 0:03:23]} Rh5 {[%emt 0:01:18]} 37. Bf2 {[%emt 0:01:22]} Qc3 {[%emt 0:01:26]} 38. Rf8+ {[%emt 0:01:43]} Rxf8 {[%emt 0:00:02]} 39. Qxf8+ {[%emt 0:00:13]} Kh7 {[%emt 0:00:02]} 40. Qg8+ {[%emt 0:00:07]} Kh6 {[%emt 0:00:14]} 41. Qh8+ {[%emt 0:00:08]} Kg6 {[%emt 0:00:18]} 42. Qe8+ {[%emt 0:00:08]} Kh6 {[%emt 0:00:57]} 43. Be3+ {[%emt 0:01:46]} Rg5 {[%emt 0:00:16]} 44. Bxg5+ {[%emt 0:00:36]} Kxg5 {[%emt 0:00:02]} 45. Rxe2 {[%emt 0:00:41]} 1-0

[Event "XXXI Torre Memorial 2019"]
[Site "Merida"]
[Date "2019.12.14"]
[Round "1.19"]
[White "Berdayes Ason, Dylan Isidro"]
[Black "Fuentes Godoy, Lilia Ivonne"]
[Result "1/2-1/2"]
[WhiteElo "2448"]
[BlackElo "2132"]
[Annotator "NA"]
[PlyCount "116"]
[EventDate "2019.12.13"]
[EventType "swiss"]
[EventCountry "MEX"]
[SourceTitle "playchess.com"]
[Source "ChessBase"]
[SourceQuality "1"]
[TimeControl "5400+30"]

1. e4 c6 2. d4 d5 3. Nd2 dxe4 4. Nxe4 Bf5 5. Ng3 Bg6 6. Nh3 e6 7. Nf4 Bd6 8. Ngh5 Bf8 9. Bc4 Nf6 10. O-O Nxh5 11. Nxh5 Qh4 12. Nf4 Bd6 13. g3 Qd8 14. Re1 O-O 15. Nxg6 hxg6 16. Qg4 Re8 17. Bg5 Qc8 18. h4 Nd7 19. h5 Nf8 20. h6 Nh7 21. Bd2 Bf8 22. hxg7 Bxg7 23. c3 Nf6 24. Qh4 Nd5 25. Kg2 Qd8 26. Bg5 f6 27. Bh6 Kf7 28. Bxg7 Kxg7 29. Rh1 Rh8 30. Qe4 Qd6 31. Rae1 Nc7 32. Qg4 b5 33. Bb3 a5 34. a4 bxa4 35. Bxa4 Rab8 36. Rxh8 Rxh8 37. Qe4 Rb8 38. Re2 Rb6 39. c4 Rb4 40. b3 Rb8 41. Qxc6 Qxc6+ 42. Bxc6 Rxb3 43. d5 Kf7 44. d6 Na6 45. Rd2 Nb4 46. Be4 Ke8 47. d7+ Kd8 48. Bxg6 a4 49. Rd6 a3 50. Be8 a2 51. Rb6 Kc7 52. Rd6 Kd8 53. Rb6 Kc7 54. Rd6 Kd8 55. Rb6 Ke7 56. Rb8 Nc6 57. Ra8 Nb4 58. Rb8 Nc6 1/2-1/2

[Event "XXXI Torre Memorial 2019"]
[Site "Merida"]
[Date "2019.12.14"]
[Round "2.1"]
[White "Ramirez, Alejandro"]
[Black "Figueredo Losada, Leonel"]
[Result "1/2-1/2"]
[WhiteElo "2589"]
[BlackElo "2381"]
[Annotator "ChessBase"]
[PlyCount "57"]
[EventDate "2019.12.13"]
[EventType "swiss"]
[EventCountry "MEX"]
[SourceTitle "playchess.com"]
[Source "ChessBase"]
[SourceQuality "1"]
[TimeControl "5400+30"]

1. Nf3 {[%emt 0:08:32]} d6 {[%emt 0:00:00]} 2. d4 {[%emt 0:00:09]} g6 {[%emt 0:00:06]} 3. Bf4 {[%emt 0:00:28]} Bg7 {[%emt 0:00:14]} 4. e3 {[%emt 0:00:06]} Nd7 {[%emt 0:01:00]} 5. h3 {[%emt 0:06:19]} e5 {[%emt 0:00:32]} 6. Bh2 {[%emt 0:00:02]} Nh6 {[%emt 0:01:15]} 7. dxe5 {[%emt 0:02:34]} dxe5 {[%emt 0:04:53]} 8. e4 {[%emt 0:02:27]} O-O {[%emt 0:02:54]} 9. Nc3 {[%emt 0:00:53]} Kh8 {[%emt 0:02:07]} 10. Bc4 {[%emt 0:02:53]} Qe7 {[%emt 0:08:08]} 11. Qd2 {[%emt 0:03:40]} Nb6 {[%emt 0:08:47]} 12. Bb3 {[%emt 0:06:26]} Rd8 {[%emt 0:02:21]} 13. Qe2 {[%emt 0:05:45]} f6 {[%emt 0:00:49]} 14. O-O {[%emt 0:00:19]} Be6 {[%emt 0:00:33]} 15. Ne1 {[%emt 0:01:07]} Nf7 {[%emt 0:08:45]} 16. Nd3 {[%emt 0:00:04]} c6 {[%emt 0:03:12]} 17. h4 {[%emt 0:01:27]} Nd7 {[%emt 0:06:53]} 18. h5 {[%emt 0:04:55]} Bxb3 {[%emt 0:05:59]} 19. axb3 {[%emt 0:00:09]} Nc5 {[%emt 0:00:28]} 20. Nxc5 {[%emt 0:04:20]} Qxc5 {[%emt 0:00:03]} 21. Qg4 {[%emt 0:01:44]} Nh6 {[%emt 0:03:29]} 22. Qg3 {[%emt 0:02:29]} g5 {[%emt 0:00:41]} 23. Rfd1 {[%emt 0:00:05]} b5 {[%emt 0:01:58]} 24. Qf3 {[%emt 0:13:21]} b4 {[%emt 0:03:21]} 25. Na4 {[%emt 0:01:26]} Qxc2 {[%emt 0:00:49]} 26. Rdc1 {[%emt 0:00:15]} Qd2 {[%emt 0:03:05]} 27. Rd1 {[%emt 0:00:11]} Qc2 {[%emt 0:00:09]} 28. Rdc1 {[%emt 0:01:45]} Qd2 {[%emt 0:00:06]} 29. Rd1 1/2-1/2

[Event "XXXI Torre Memorial 2019"]
[Site "Merida"]
[Date "2019.12.14"]
[Round "2.2"]
[White "Cordova, Emilio"]
[Black "Elias Reyes, Jorge Roberto"]
[Result "1-0"]
[WhiteElo "2585"]
[BlackElo "2379"]
[Annotator "ChessBase"]
[PlyCount "80"]
[EventDate "2019.12.13"]
[EventType "swiss"]
[EventCountry "MEX"]
[SourceTitle "playchess.com"]
[Source "ChessBase"]
[SourceQuality "1"]
[TimeControl "5400+30"]

1. d4 {[%emt 0:13:39]} Nf6 {[%emt 0:00:00]} 2. Nf3 {[%emt 0:00:04]} d5 {[%emt 0:00:00]} 3. c4 {[%emt 0:00:06]} e6 {[%emt 0:00:00]} 4. g3 {[%emt 0:01:09]} Be7 {[%emt 0:00:00]} 5. Bg2 {[%emt 0:00:06]} O-O {[%emt 0:00:00]} 6. Qc2 {[%emt 0:03:03]} c5 {[%emt 0:03:03]} 7. dxc5 {[%emt 0:00:08]} Qa5+ {[%emt 0:02:04]} 8. Nc3 {[%emt 0:13:59]} dxc4 {[%emt 0:01:26]} 9. O-O {[%emt 0:02:57]} Qxc5 {[%emt 0:11:36]} 10. Na4 {[%emt 0:04:45]} Qh5 {[%emt 0:13:58]} 11. Qxc4 {[%emt 0:01:16]} b5 {[%emt 0:08:04]} 12. Qh4 {[%emt 0:00:06]} Bb7 {[%emt 0:02:51]} 13. Qxh5 {[%emt 0:00:06]} Nxh5 {[%emt 0:00:04]} 14. Nc3 {[%emt 0:00:05]} b4 {[%emt 0:11:31]} 15. Na4 {[%emt 0:00:52]} Nd7 {[%emt 0:02:04]} 16. Be3 {[%emt 0:02:48]} Nhf6 {[%emt 0:02:20]} 17. Rfc1 {[%emt 0:00:44]} Rfc8 {[%emt 0:01:52]} 18. Nd4 {[%emt 0:02:35]} Bxg2 {[%emt 0:01:17]} 19. Kxg2 {[%emt 0:00:05]} Nd5 {[%emt 0:10:40]} 20. Bd2 {[%emt 0:05:25]} Nc5 {[%emt 0:05:15]} 21. Nxc5 {[%emt 0:00:46]} Bxc5 {[%emt 0:00:04]} 22. Nb3 {[%emt 0:00:23]} Be7 {[%emt 0:00:46]} 23. e4 {[%emt 0:04:38]} Nb6 {[%emt 0:01:00]} 24. Na5 {[%emt 0:01:07]} Na4 {[%emt 0:09:14]} 25. b3 {[%emt 0:08:15]} Nc3 {[%emt 0:05:50]} 26. Bxc3 {[%emt 0:00:08]} Rxc3 {[%emt 0:01:35]} 27. Nc6 {[%emt 0:06:33]} Bf6 {[%emt 0:03:08]} 28. e5 {[%emt 0:07:22]} Rc8 {[%emt 0:01:35]} 29. Rxc3 {[%emt 0:00:07]} bxc3 {[%emt 0:00:03]} 30. Nxa7 {[%emt 0:00:06]} Ra8 {[%emt 0:01:55]} 31. Nc6 {[%emt 0:05:49]} Rc8 {[%emt 0:00:48]} 32. exf6 {[%emt 0:01:56]} Rxc6 {[%emt 0:00:01]} 33. Kf3 {[%emt 0:01:11]} gxf6 {[%emt 0:01:26]} 34. Ke3 {[%emt 0:00:11]} Kg7 {[%emt 0:00:54]} 35. Kd3 {[%emt 0:00:10]} Rc5 {[%emt 0:00:20]} 36. b4 {[%emt 0:00:23]} Rf5 {[%emt 0:00:18]} 37. f4 {[%emt 0:00:39]} e5 {[%emt 0:00:24]} 38. Rf1 {[%emt 0:01:10]} Rh5 {[%emt 0:00:26]} 39. h4 {[%emt 0:00:08]} exf4 {[%emt 0:01:05]} 40. Rxf4 {[%emt 0:00:06]} Re5 {[%emt 0:00:04]} 1-0

[Event "XXXI Torre Memorial 2019"]
[Site "Merida"]
[Date "2019.12.14"]
[Round "2.3"]
[White "Albornoz Cabrera, Carlos Daniel"]
[Black "Ordaz Valdes, Lisandra Teresa"]
[Result "1-0"]
[WhiteElo "2555"]
[BlackElo "2376"]
[Annotator "ChessBase"]
[PlyCount "91"]
[EventDate "2019.12.13"]
[EventType "swiss"]
[EventCountry "MEX"]
[SourceTitle "playchess.com"]
[Source "ChessBase"]
[SourceQuality "1"]
[TimeControl "5400+30"]

1. Nf3 {[%emt 0:00:00]} d5 {[%emt 0:00:00]} 2. d4 {[%emt 0:00:00]} Nf6 {[%emt 0:00:15]} 3. c4 {[%emt 0:00:00]} e6 {[%emt 0:00:04]} 4. Nc3 {[%emt 0:00:00]} Bb4 {[%emt 0:00:30]} 5. cxd5 {[%emt 0:00:04]} exd5 {[%emt 0:00:07]} 6. Bg5 {[%emt 0:00:03]} h6 {[%emt 0:00:27]} 7. Bh4 {[%emt 0:00:04]} O-O {[%emt 0:00:10]} 8. e3 {[%emt 0:00:15]} Bf5 {[%emt 0:00:10]} 9. Qb3 {[%emt 0:00:48]} Bxc3+ {[%emt 0:01:50]} 10. bxc3 {[%emt 0:00:05]} Nbd7 {[%emt 0:00:09]} 11. Be2 {[%emt 0:00:05]} c5 {[%emt 0:00:46]} 12. dxc5 {[%emt 0:00:04]} Nxc5 {[%emt 0:03:09]} 13. Qb4 {[%emt 0:00:05]} Nce4 {[%emt 0:04:01]} 14. Nd4 {[%emt 0:01:38]} Bh7 {[%emt 0:00:33]} 15. O-O {[%emt 0:00:41]} b6 {[%emt 0:11:31]} 16. f3 {[%emt 0:09:20]} Nc5 {[%emt 0:08:51]} 17. Rfd1 {[%emt 0:02:22]} Qe7 {[%emt 0:01:55]} 18. Bf2 {[%emt 0:00:36]} Rac8 {[%emt 0:00:16]} 19. Rac1 {[%emt 0:10:59]} Rfd8 {[%emt 0:04:30]} 20. c4 {[%emt 0:03:35]} Re8 {[%emt 0:06:57]} 21. Qd2 {[%emt 0:05:40]} dxc4 {[%emt 0:14:35]} 22. Bxc4 {[%emt 0:01:04]} a6 {[%emt 0:01:35]} 23. Bf1 {[%emt 0:11:56]} Nfd7 {[%emt 0:06:05]} 24. e4 {[%emt 0:06:22]} Ne5 {[%emt 0:02:27]} 25. Nb3 {[%emt 0:02:32]} Rcd8 {[%emt 0:08:46]} 26. Qe3 {[%emt 0:02:59]} Ned7 {[%emt 0:09:18]} 27. Qf4 {[%emt 0:06:00]} Nxb3 {[%emt 0:08:36]} 28. axb3 {[%emt 0:00:06]} Nc5 {[%emt 0:00:17]} 29. Bxc5 {[%emt 0:02:17]} bxc5 {[%emt 0:00:05]} 30. Bxa6 {[%emt 0:00:55]} Rxd1+ {[%emt 0:02:17]} 31. Rxd1 {[%emt 0:00:02]} Rd8 {[%emt 0:00:17]} 32. Rxd8+ {[%emt 0:04:10]} Qxd8 {[%emt 0:00:02]} 33. Qe3 {[%emt 0:03:16]} Qd1+ {[%emt 0:03:48]} 34. Kf2 {[%emt 0:00:24]} Qd6 {[%emt 0:00:57]} 35. Bc4 {[%emt 0:01:17]} Qxh2 {[%emt 0:01:24]} 36. Qxc5 {[%emt 0:00:34]} Qh4+ {[%emt 0:00:08]} 37. Kg1 {[%emt 0:01:32]} Qe1+ {[%emt 0:00:37]} 38. Bf1 {[%emt 0:00:02]} Bg6 {[%emt 0:00:06]} 39. b4 {[%emt 0:00:14]} Qb1 {[%emt 0:00:55]} 40. b5 {[%emt 0:00:13]} f5 {[%emt 0:00:12]} 41. b6 {[%emt 0:01:41]} fxe4 {[%emt 0:00:46]} 42. Qc8+ {[%emt 0:01:13]} Kh7 {[%emt 0:00:05]} 43. b7 {[%emt 0:00:07]} Qb6+ {[%emt 0:01:26]} 44. Kh1 {[%emt 0:00:11]} Qb1 {[%emt 0:00:31]} 45. b8=Q {[%emt 0:00:11]} Qxf1+ {[%emt 0:00:06]} 46. Kh2 {[%emt 0:00:04]} 1-0